000 00677nam a2200229Ia 4500
001 9977
003 GE_BSU
008 181216s||||||||xx |||||||||||||| ||und||
040 _cGE_BSU
080 _a821.353.1–1
100 _aჟურული,ვარლამ
245 _aჩრდილოეთის დაპყრობა
245 _bლექსები
245 _cრედ.ვ.ბერაია
260 _aთბილისი
260 _bსახელგამი
260 _c1940
300 _a36გვ.15სმ.
653 _aლექსები
653 _aჩრდილოეთის დაპყრობა
942 _cBK
999 _c43250
_d43250